Obras ascéticas de San Alfonso María de Ligorio

Đã lưu trong:
Chi tiết về thư mục
Tác giả chính: Goy, Andrés (Tác giả)
Định dạng: Sách
Ngôn ngữ:Tiếng Tây Ban Nha
Được phát hành: Madrid Biblioteca de Autores Cristianos 1952
Những chủ đề:
Các nhãn: Thêm thẻ
Không có thẻ, Là người đầu tiên thẻ bản ghi này!

MARC

LEADER 00000nam a2200000 a 4500
001 UCL5296
003 CL-VaPUC
005 20240806091710.0
008 040312e19520000SP |||||||||||||||||spa|d
999 |c 307907  |d 307905 
040 |c Pontificia Universidad Católica de Valparaíso 
082 0 4 |a 248.47  |b GOY  |2 21 
100 0 |a Goy, Andrés  |e author  |9 483011 
245 1 0 |a Obras ascéticas de San Alfonso María de Ligorio 
260 |a Madrid  |b Biblioteca de Autores Cristianos  |c 1952 
300 |a v 
500 |a v.1: Obras dedicadas al pueblo en general 
500 |a v2: Obras dedicadas al clero en particular 
583 |a last modification  |c 20040312 00:00:00  |k Rodrigo Vera 
600 0 |a Ligorio, Alfonso María de,  |c Santo,  |d 1696-1787  |9 860843 
650 0 |a Ascetismo   |9 319291 
942 |c BK  |2 ddc 
945 |d 20040312 00:00:00  |a rbrito 
952 |0 0  |1 0  |4 0  |6 248_470000000000000_GOY_1952  |7 0  |8 A  |9 374075  |a BIBTEO  |b BIBTEO  |d 2019-11-21  |h v.1  |i 2088215  |o 248.47 GOY 1952  |p 2088215  |r 2025-01-17  |w 2019-11-21  |y BK  |k ICR 
952 |0 0  |1 0  |4 0  |6 248_470000000000000_GOY_1952  |7 0  |8 A  |9 374076  |a BIBTEO  |b BIBTEO  |d 2019-11-21  |h v.1  |i 2088223  |o 248.47 GOY 1952  |p 2088223  |r 2025-01-17  |w 2019-11-21  |y BK  |k ICR 
952 |0 0  |1 0  |4 0  |6 248_470000000000000_GOY_1952  |7 0  |8 A  |9 374077  |a BIBTEO  |b BIBTEO  |d 2019-11-21  |h v.2  |i 2088231  |o 248.47 GOY 1952  |p 2088231  |r 2025-01-17  |w 2019-11-21  |y BK  |k ICR